000 00315nam a2200133Ia 4500
008 191201s2012 xx 000 0 und d
082 _a658.8
_bKOM
100 _aKOTLER,Philip
245 0 _aMarketing Management
250 _a5th IMP
260 _c2012
_bPearson
_aNew Delhi
300 _a647+mics.
942 _2ddc
_cBK
999 _c8010
_d8010